Sports Quiz

Random Sports Quiz
Score 0/20 Timer 04:00
0 Plays Today
% Correct
Damiano Cunego
100%
Vincenzo Nibali
98.6%
Ryder Hesjedal
97.1%
Tom Dumoulin
97.1%
Alberto Contador
97.1%
Gilberto Simoni
97.1%
Marco Pantani
97.1%
Paolo Savoldelli
97.1%
Nairo Quintana
95.7%
Stefano Garzelli
95.7%
% Correct
Danilo Di Luca
95.7%
Chris Froome
94.2%
Ivan Basso
94.2%
Richard Carapaz
92.8%
Denis Menchov
91.3%
Michele Scarponi
91.3%
Tony Rominger
87%
Ivan Gotti
87%
Pavel Tonkov
87%
Evgeni Berzin
81.2%
Remove Ads.
Support Sporcle.
Get the best of Sporcle when you Go Orange. This ad-free experience offers more features, more stats, and more fun while also helping to support Sporcle. Thank you for becoming a member.

You're not logged in!

Compare scores with friends on all Sporcle quizzes.
OR
Log In

Sporcle TV

Today on Sporcle TV


Watch our educational content, quiz creation guides, and fun videos on Sporcle TV.

Show Comments

Extras

Top Quizzes Today


Score Distribution

Paid Content

Your Account Isn't Verified!

In order to create a playlist on Sporcle, you need to verify the email address you used during registration. Go to your Sporcle Settings to finish the process.

Report this User

Report this user for behavior that violates our Community Guidelines.

Details: